| 000 | 00949nam a22002897a 4500 | ||
|---|---|---|---|
| 001 | 7331 | ||
| 003 | FISKH | ||
| 005 | 20250709150413.0 | ||
| 008 | 250709b cb ||||| |||| 00| 0 eng d | ||
| 020 | _a9780439305280 | ||
| 040 |
_aFISKH _beng _cFISKH _dFISKH |
||
| 050 | _aPZ7.W68318 B | ||
| 082 | _a580 | ||
| 100 | _aWillis, Patricia | ||
| 245 |
_aThe barn burner / _cPatricia Willis |
||
| 250 | _aThis edition first published in 2002 | ||
| 260 |
_aNew York : _bScholastic, _c2000 |
||
| 300 |
_a196 pages : _c20 cm |
||
| 505 | _aR | ||
| 520 | _aIn 1933 while running from a bad situation at home and suspected of having set fire to a barn, fourteen-year-old Ross finds haven with a loving family which helps him make an important decision. | ||
| 521 | 8 |
_a660
_bLexile |
|
| 521 | 8 |
_aR
_bRaz-Plus |
|
| 650 |
_2Great Depression _aHistorical fiction |
||
| 650 |
_2Mystery _aMystery-thriller |
||
| 942 |
_2ddc _cBK _n0 |
||
| 999 |
_c7331 _d7331 |
||